| 000 | 005830000a22002050004500 | ||
|---|---|---|---|
| 003 | LK-CoMWRAF | ||
| 005 | 20240319102319.0 | ||
| 008 | 230817t1995 ||||| |||| 00| 0 eng d | ||
| 020 | _a8174350650 | ||
| 040 |
_aLK-CoMWRAF _dLK-CoMWRAF _eLK-CoMWRAF |
||
| 041 | _aeng | ||
| 082 |
_a297.2 _bHIL |
||
| 100 | _aHilal, Abdul Aleem | ||
| 245 |
_aSocial Phiosophy of Sir Muhammad Iqbal: _ba critical study |
||
| 260 |
_aDelhi: _bAdam Publishers, _c1995 |
||
| 300 | _a 320 p. ; 22 cm. | ||
| 650 | _aIqbal, Muhammad, -Political and social views. | ||
| 650 | _aIslamic society | ||
| 942 | _cBK | ||
| 999 |
_c294 _d294 |
||